000 00592cam a2200217 4500
001 ABS68220
008 040924n2004 000 0 eng u
035 _a(Sirsi) u127511
245 _aFocus 1: East of England
260 _c2004
490 _aEstates Gazette
_v(0438) 18 September 2004, 93-98(5)
590 _aABS
590 _aABS
650 _aPROPERTY-COMMERCIAL PROPERTY-RETAIL PROPERTY-RETAIL PROPERTY MARKET
650 _aOFFICE MARKET
650 _aINDUSTRIAL MARKET
650 _aCAMBRIDGE
650 _aIPSWICH
690 _aCOMMERCIAL PROPERTY-MARKET
942 _n0
999 _c118047
_d118047